| 000 | 00569nam a2200181 i 4500 | ||
|---|---|---|---|
| 001 | 69385 | ||
| 003 | ES-MaACL | ||
| 005 | 20250920063045.0 | ||
| 007 | t| | ||
| 008 | 040705s1961 sp ||||1| spa d | ||
| 100 | 1 |
_aGarcía Blanco, Manuel, _d1902-1966 _954272 |
|
| 245 | 1 | 0 |
_aSeis estudios salmantinos / _cManuel García Blanco. |
| 260 |
_aSalamanca : _bCentro de Estudios Salmantinos, _c1961. |
||
| 300 |
_aXI, 141 p., 6 lám. ; _c24 cm. |
||
| 651 | 4 |
_aSalamanca- _xCuriosidades. _9206614 |
|
| 852 |
_aES-MaACL _jC-18380 _bR.47668 |
||
| 999 |
_c69385 _d69385 |
||